000 00279nam a2200121Ia 4500
008 190216s9999||||xx |||||||||||||| ||und||
100 _aSeth M L
245 0 _aMacroeconomics
260 _bLakshmi Narain Agarwal Pub
_c1998
300 _a681p
650 _aEconomics
942 _cBK
999 _c10348
_d10348